000 00278nam a22001217a 4500
082 _a621.3881 BRE'T
100 _aBRETZ, RUDY
_980404
245 _aTECHNIQUES OF TELEVISION PRODUCTION
250 _a2ND
260 _aNEWYORK
_bMCGRAW HILL
_c1962
300 _a517P
942 _cBK
999 _c585346
_d585346